| 000 | 01021nam a22002297i 4500 | ||
|---|---|---|---|
| 999 |
_c23627 _d23627 |
||
| 003 | AR-CdUCM | ||
| 008 | 260423b20222022 pe||||| |||| 00| 0 spa d | ||
| 020 | _a978-9972-46-704-2 | ||
| 040 |
_aMUNICIPALIDAD PROVINCIAL DEL CUSCO _cBIBLIOTECA MUNICIPAL DEL CUSCO |
||
| 041 | _hspa | ||
| 082 |
_a434.2 _bW48 |
||
| 100 |
_aWestphalen Rodriguez, Yolanda _952661 |
||
| 245 |
_aEl eslabón perdido : _bSurrealismo, indigenismo y neoindigenismo en Abril, Arguedas, Moro y Westphalen / |
||
| 260 |
_aLima: _bUniversidad Nacional Mayor de San Marcos - Fondo Editorial _c2022 |
||
| 300 |
_a305 páginas. : _c24x17 cm. |
||
| 500 | _zPáginas: 287-305 | ||
| 505 | _aEl siglo XIX, antecedentes -- La primera exposición surrealista latinoamericana de 1935 -- La lectura y el doble reflejo de la obra -- La polémica Moro-Huidobro y El obispo embotellado -- El histórico 1939 | ||
| 650 |
_aVanguardia y nuevo paradigma _952662 |
||
| 650 |
_aMito y utopía surrealista _952663 |
||
| 942 |
_2ddc _cLIBROS |
||
| 945 |
_apbjr _d23-04-2026 |
||